1292 1684 1053 1308 1710 1901 1837 1290 1411 1999 1433 1198 1740 1313 1629 1977 1439 1873 1251 1555 1499 1474 1348 1383 1763 1565 1393 1590 1552 1967 1567 1102 1604 1499 1154 1817 1508 1991 1054 1616 1755 1012 1944 1279 1505 1677 1190 1077 1753 1649 1630 1561 1756 1995 1925 1628 1791 1827 1242 1229 1353 1820 1686 1336 1473 1346 1450 1241 1459 1015 1845 1063 1283 1369 1997 1273 1505 1893 1990 1629 1214 1565 1883 1870 1041 1725 1529 1521 1678 1337 1489 1024 1703 1185 1146 1155 1789 1025 1526 BCNSPRNW ULIB Ver.6.0+V

เปลี่ยนเป็นภาษาไทย

Change to English
 แสดงรายละเอียดบรรณานุกรม
  กลับหน้าหลัก

Brief Record : Get Marc (ISO 2709) : E-mail record : QR code < ปิดหน้าต่าง
LEADER : 00000nam 2200000uu 4500
001    13399112620
003     ULIB
008    110829s2553||||th 000 0 tha d
050  4 HQ759.2^bส229ว 2553
110 1  สภาสังคมสงเคราะห์แห่งประเทศไทย ในพระบรมราชูปถัมภ์
245 00 วันแม่แห่งชาติ 2553 /^cสภาสังคมสงเคราะห์แห่งประเทศไทย ในพระบรมราชูปถัมภ์
250    พิมพ์ครั้งที่ 1
260    กรุงเทพฯ :^bสภาสังคมสงเคราะห์แห่งประเทศไทย ในพระบรมราชูปถัมภ์,^c2553
300    688 หน้า :^bภาพประกอบสี
650  7 รางวัลแม่ดีเด่น
650  7 รางวัลลูกกตัญญู
650  7 วันแม่แห่งชาติ
945    ^p0^l0^i028743
945    ^p0^l0^i028744
995    ทศพร
999 ^a ทศพร
รายการนี้ยังไม่มีแท็ก
คุณยังไม่ได้ล็อกอิน คุณสามารถมีกิจกรรมร่วมกับเว็บไซต์ได้ แต่ต้องล็อกอินก่อน ::
  ล็อกอิน

รายการสื่อสารสนเทศ

ลำดับที่ ประเภท เลขเรียก/บาร์โค้ด สถานที่ สถานะ
- ไม่พบข้อมูล -

รายการใกล้เคียง
    หัวเรื่อง [รางวัลแม่ดีเด่น]
    หัวเรื่อง [รางวัลลูกกตัญญู]
    หัวเรื่อง [วันแม่แห่งชาติ]

BibComment


ยังไม่เคยถูกคอมเมนท์

คอมเมนท์ทรัพยากรรายการนี้
  คอมเมนท์: วันแม่แห่งชาติ 25..


 Copyright 2026. Bcnsprnw @Library